Southville International School and Colleges
Your cart is empty.
  • Cart
  • Lists
    Public lists Eva Luna New books Lux_list list_1
    Your lists Log in to create your own lists
  • Log in to your account
  • Your cookies
  • Search history
Southville International School and Colleges
  • Advanced search
  • Recent comments
  • Most popular
  • Libraries

Log in to your account

Log in with GOOGLE


If you do not have an external account, but do have a local account, you can still log in:

  1. Home
  2. MARC view: Frog prince(The).
Normal view MARC view ISBD view

Frog prince(The). (Record no. 111496)

[ view plain ]
MARC details
000 -LEADER
fixed length control field 00505nam a2200193 a 4500
001 - CONTROL NUMBER
control field 3196
005 - DATE AND TIME OF LATEST TRANSACTION
control field 20140414131916.0
008 - FIXED-LENGTH DATA ELEMENTS--GENERAL INFORMATION
fixed length control field 060202s19uu xx 00 eng d
020 ## - INTERNATIONAL STANDARD BOOK NUMBER
International Standard Book Number 9832584078
050 ## - LIBRARY OF CONGRESS CALL NUMBER
Classification number ER
Item number Fr92 2006
245 ## - TITLE STATEMENT
Title Frog prince(The).
260 ## - PUBLICATION, DISTRIBUTION, ETC. (IMPRINT)
Place of publication, distribution, etc Malaysia :
Name of publisher, distributor, etc Kohwai & Young,
Date of publication, distribution, etc 2006.
300 ## - PHYSICAL DESCRIPTION
Extent 16
440 ## - SERIES STATEMENT/ADDED ENTRY--TITLE
Title Favourite fairy tales series
650 ## - SUBJECT ADDED ENTRY--TOPICAL TERM
Topical term or geographic name as entry element Children stories-
General subdivision fairy tales.
650 ## - SUBJECT ADDED ENTRY--TOPICAL TERM
Topical term or geographic name as entry element Frog-
General subdivision fiction.
700 ## - ADDED ENTRY--PERSONAL NAME
Personal name Bob Williams [edited by]
Holdings
Withdrawn status Lost status Damaged status Use restrictions Home library Current library Shelving location Date acquired Source of acquisition Total Checkouts Full call number Barcode Date last seen Price effective from Koha item type
        Munich Library Munich Library Easy Reading Section 02/02/2006     ER Fr92 2006 M2239 04/14/2014 04/14/2014 Books

Frog prince(The).

APA

Bob Williams [edited by], . (2006). Frog prince(The). Malaysia: Kohwai & Young.

Chicago

Bob Williams [edited by], . 2006. Frog prince(The). Malaysia: Kohwai & Young.

Harvard

Bob Williams [edited by], . (2006). Frog prince(The). Malaysia: Kohwai & Young.

MLA

Bob Williams [edited by], . Frog prince(The). Malaysia: Kohwai & Young. 2006.

  • Place hold
  • Print
  • Cite
  • Add to your cart (remove)
  • Save record
    BIBTEX Dublin Core MARCXML MARC (non-Unicode/MARC-8) MARC (Unicode/UTF-8) MARC (Unicode/UTF-8, Standard) MODS (XML) RIS
  • More searches
    Search for this title in:
    Other Libraries (WorldCat) Other Databases (Google Scholar) Online Stores (Bookfinder.com) Open Library (openlibrary.org)

Exporting to Dublin Core...

SOUTHVILLE LIBRARY

Southville International School and Colleges Library

1281 Tropical Ave. Cor. Luxembourg St., BF Homes International, Las Pinas City

Tel. No. 8256374 / 252358 Loc. 117/146

Powered by Koha